000 00344pab a2200145 454500
008 180718b1989 xxu||||| |||| 00| 0 eng d
100 _aKunwar, Upendra
245 _aDecentralised planning in India
260 _c1989
300 _a457-63
362 _aAug.
650 _aDecentralisation - India
773 _aKhadi Gramodyog
909 _a7061
999 _c7061
_d7061